[Event "Bahn-chS 70"]
[Site "Bad Wildungen"]
[Date "2000.09.30"]
[Round "7"]
[White "Ried, Heinz"]
[Black "Lueth, Guenter"]
[Result "1-0"]
[WhiteElo "1587"]
[BlackElo "1598"]
[PlyCount "83"]
[EventDate "2000.09.24"]
[EventType "swiss"]
[EventRounds "7"]
[EventCountry "GER"]
[SourceTitle "EXT 2003"]
[Source "ChessBase"]
[SourceDate "2002.11.25"]
[SourceVersion "1"]
[SourceVersionDate "2002.11.25"]
[SourceQuality "1"]

1. d4 d5 2. Nf3 Nf6 3. e3 Bg4 4. Nbd2 Nbd7 5. Be2 e6 6. 0-0 Bd6 7. h3 Bh5 8. c3 a6 9. Re1 0-0 10. b3 b5 11. Bb2 c5 12. dxc5 Nxc5 13. Nd4 Bxe2 14. Qxe2 Rc8 15. Rec1 Nfe4 16. N4f3 Qf6 17. Rab1 Qg6 18. Nxe4 dxe4 19. Ne1 f5 20. c4 bxc4 21. Rxc4 Nd7 22. Rxc8 Rxc8 23. Qxa6 Nb6 24. Qxb6 Bf8 25. Qb7 Qe8 26. Rc1 Rxc1 27. Bxc1 Qd8 28. Qc6 Kf7 29. Qb7+ Kg6 30. Qc6 Kf7 31. Qc3 h6 32. Qd2 Qc7 33. Nc2 Bd6 34. Nd4 Kf6 35. Bb2 Bh2+ 36. Kf1 e5 37. Ne2 Kg5 38. g3 f4 39. exf4+ exf4 40. gxf4+ Bxf4 41. Qxf4+ Qxf4 42. Nxf4 1-0